000 01249nam a2200361 a 4500
001 000110932
003 CHAP
005 20220329144151.0
008 141024s1996 mx |r| |||||||spa d
010 _a107394
011 _a108366
040 _cCHAP
090 _aFolleto 18484
100 0 0 _aBarreras Soto, M. Abundio.
_910434
245 1 0 _aHuites F-95 y Choix M-95 :
_bnuevas variedades de trigo harinero para Sinaloa /
_cpor Manuel Abundio Barreras Soto.
260 _aSinaloa, Méx. :
_bINIFAP. Campo Experimental Valle del Fuerte
_bFundación produce Sinaloa,
_c1996.
300 _a12 p. :
_bcuadrs.
490 1 _aINIFAP. Produce
590 _aE11695DGD
_b10
_c20141029
_lUCH01
_h1031
590 _aE5995AHE
_b05
_c20141024
_lUCH01
_h1434
590 _aE5995AHE
_b05
_c20141024
_lUCH01
_h1436
590 _aE5995AHE
_b05
_c20141024
_lUCH01
_h1437
590 _aE5995AHE
_b05
_c20141027
_lUCH01
_h0825
590 _aE5995AHE
_b05
_c20141027
_lUCH01
_h1010
590 _aE5995AHE
_b05
_c20141027
_lUCH01
_h1011
650 1 4 _aTrigo
_xIndustria.
_9115042
650 1 4 _aTrigo
_xSinaloa.
_9115103
650 1 4 _aTrigo
_xVariedades resistentes a enfermedades.
_9115120
830 0 _aINIFAP. Produce
_9128700
901 _aBK
942 _cFOLL
942 _n0
999 _c107394
_d107394